书目信息 |
| 书名: | Physical chemistry | |
| 作者: | P. W. Atkins. | |
| 分册号: | ||
| 分册名: | 出版地: | Oxford : |
|
| 出版社: | Oxford University Press | |
| 出版时间: | 1978. | |
| 页数: | xv, 1018 p. : | |
| 开本: | 24 cm. | |
| 丛书名: | ||
| 中图分类号: | ||
| 科图分类号: | ||
| 其他分类号: | O64:H31 | |
| 主题词: | ||
| 电子资源: | ||
| 000 | 00696cam 2200229 i 45x0 | |
| 001 | E0754412399 | |
| 005 | 20070301150759.09 | |
| 008 | 030616s1978 enka b 001 0 eng | |
| 010 | @a 78301484 //r83 | |
| 015 | @aGB77-22553 | |
| 040 | @aDLC@cDLC | |
| 050 | 00 | @aQD453@b.A88 1978 |
| 082 | @a541/.3 | |
| 090 | @aP42/W73/1978 | |
| 090 | @aO64:H31 | |
| 099 | @dO64:H31@ex42 | |
| 100 | 1 | @aAtkins, P. W.@q(Peter William),@d1940- |
| 245 | 10 | @aPhysical chemistry / @cP. W. Atkins. |
| 260 | @aOxford :@bOxford University Press,@c1978. | |
| 300 | @axv, 1018 p. :@bill. ;@c24 cm. | |
| 504 | @aIncludes bibliographies and indexes. | |
| 650 | 00 | @aChemistry, Physical and theoretical. |
| Physical chemistry / / P. W. Atkins.-Oxford : : Oxford University Press, , 1978. |
| xv, 1018 p. : : ill. ; ; 24 cm. |
| Includes bibliographies and indexes. |
| ISBN |
| ● |
| 相关链接 |
|
|
|
|
正题名:Physical chemistry
索取号:O64:H31/x42
 
预约/预借
| 序号 | 登录号 | 条形码 | 馆藏地/架位号 | 状态 | 备注 |
| 1 | 49385 | 000635753 | 第四借阅区/ [索取号:O64:H31/x42] | 在馆 |